<?xml version="1.0" encoding="UTF-8"?>
<collection xmlns="http://www.loc.gov/MARC21/slim">
 <record>
  <leader>01476nam a2200289 a 4500</leader>
  <controlfield tag="001">29342</controlfield>
  <controlfield tag="003">BD-DhAAL</controlfield>
  <controlfield tag="008">150604s2015    maua     b    001 0 eng d</controlfield>
  <datafield tag="020" ind1=" " ind2=" ">
   <subfield code="a">1292018208</subfield>
  </datafield>
  <datafield tag="020" ind1=" " ind2=" ">
   <subfield code="a">9781292018201</subfield>
  </datafield>
  <datafield tag="040" ind1=" " ind2=" ">
   <subfield code="a">DLC</subfield>
   <subfield code="c">DLC</subfield>
   <subfield code="d">DLC</subfield>
   <subfield code="d">DB-DhAAL</subfield>
  </datafield>
  <datafield tag="082" ind1="0" ind2="0">
   <subfield code="a">658.15</subfield>
   <subfield code="2">22</subfield>
  </datafield>
  <datafield tag="100" ind1="1" ind2=" ">
   <subfield code="a">Gitman, Lawrence J.</subfield>
   <subfield code="9">1634</subfield>
  </datafield>
  <datafield tag="245" ind1="1" ind2="0">
   <subfield code="a">Principles of managerial finance /</subfield>
   <subfield code="c">Lawrence J. Gitman and Chad J. Zutter.</subfield>
  </datafield>
  <datafield tag="250" ind1=" " ind2=" ">
   <subfield code="a">14th ed. ; Global ed.</subfield>
  </datafield>
  <datafield tag="260" ind1=" " ind2=" ">
   <subfield code="a">Boston :</subfield>
   <subfield code="b">Pearson Addison Wesley,</subfield>
   <subfield code="c">c2015</subfield>
  </datafield>
  <datafield tag="300" ind1=" " ind2=" ">
   <subfield code="a">850, A1-A31, G1-G27, C1, I1-I13 pages : </subfield>
   <subfield code="b">colour illustrations ; </subfield>
   <subfield code="c">26 cm.</subfield>
  </datafield>
  <datafield tag="504" ind1=" " ind2=" ">
   <subfield code="a">Includes bibliographical references and index.</subfield>
  </datafield>
  <datafield tag="541" ind1="1" ind2=" ">
   <subfield code="e">29342</subfield>
  </datafield>
  <datafield tag="650" ind1=" " ind2="0">
   <subfield code="a">Corporations</subfield>
   <subfield code="x">Finance.</subfield>
   <subfield code="9">1635</subfield>
  </datafield>
  <datafield tag="650" ind1=" " ind2="0">
   <subfield code="a">Business enterprises</subfield>
   <subfield code="x">Finance.</subfield>
   <subfield code="9">1636</subfield>
  </datafield>
  <datafield tag="852" ind1="4" ind2=" ">
   <subfield code="a">Ayesha Abed Library </subfield>
   <subfield code="j">General Shelf.</subfield>
  </datafield>
  <datafield tag="942" ind1=" " ind2=" ">
   <subfield code="2">ddc</subfield>
   <subfield code="c">BK</subfield>
   <subfield code="0">2</subfield>
  </datafield>
  <datafield tag="999" ind1=" " ind2=" ">
   <subfield code="c">34603</subfield>
   <subfield code="d">34603</subfield>
  </datafield>
  <datafield tag="952" ind1=" " ind2=" ">
   <subfield code="0">0</subfield>
   <subfield code="1">0</subfield>
   <subfield code="2">ddc</subfield>
   <subfield code="4">0</subfield>
   <subfield code="6">658_150000000000000_GIT</subfield>
   <subfield code="7">0</subfield>
   <subfield code="9">54039</subfield>
   <subfield code="a">BRACUL</subfield>
   <subfield code="b">BRACUL</subfield>
   <subfield code="c">GEN</subfield>
   <subfield code="d">2015-06-04</subfield>
   <subfield code="e">Karim International</subfield>
   <subfield code="g">9900.00</subfield>
   <subfield code="l">35</subfield>
   <subfield code="m">281</subfield>
   <subfield code="o">658.15 GIT</subfield>
   <subfield code="p">3010029342</subfield>
   <subfield code="r">2026-05-18</subfield>
   <subfield code="s">2026-02-18</subfield>
   <subfield code="t">1</subfield>
   <subfield code="w">2015-06-04</subfield>
   <subfield code="y">BK</subfield>
  </datafield>
  <datafield tag="952" ind1=" " ind2=" ">
   <subfield code="0">0</subfield>
   <subfield code="1">0</subfield>
   <subfield code="2">ddc</subfield>
   <subfield code="4">0</subfield>
   <subfield code="6">658_150000000000000_GIT</subfield>
   <subfield code="7">0</subfield>
   <subfield code="9">54040</subfield>
   <subfield code="a">BRACUL</subfield>
   <subfield code="b">BRACUL</subfield>
   <subfield code="c">GEN</subfield>
   <subfield code="d">2015-06-04</subfield>
   <subfield code="e">Karim International</subfield>
   <subfield code="g">9900.00</subfield>
   <subfield code="l">33</subfield>
   <subfield code="m">263</subfield>
   <subfield code="o">658.15 GIT</subfield>
   <subfield code="p">3010029343</subfield>
   <subfield code="q">2026-09-20</subfield>
   <subfield code="r">2026-05-21</subfield>
   <subfield code="s">2026-05-21</subfield>
   <subfield code="t">2</subfield>
   <subfield code="w">2015-06-04</subfield>
   <subfield code="y">BK</subfield>
  </datafield>
  <datafield tag="952" ind1=" " ind2=" ">
   <subfield code="0">0</subfield>
   <subfield code="1">0</subfield>
   <subfield code="2">ddc</subfield>
   <subfield code="4">0</subfield>
   <subfield code="6">658_150000000000000_GIT</subfield>
   <subfield code="7">0</subfield>
   <subfield code="9">55047</subfield>
   <subfield code="a">BRACUL</subfield>
   <subfield code="b">BRACUL</subfield>
   <subfield code="c">GEN</subfield>
   <subfield code="d">2015-08-01</subfield>
   <subfield code="e">Karim International</subfield>
   <subfield code="l">30</subfield>
   <subfield code="m">284</subfield>
   <subfield code="o">658.15 GIT</subfield>
   <subfield code="p">3010029501</subfield>
   <subfield code="q">2026-05-03</subfield>
   <subfield code="r">2025-10-22</subfield>
   <subfield code="s">2025-10-22</subfield>
   <subfield code="t">1</subfield>
   <subfield code="w">2015-08-01</subfield>
   <subfield code="y">BK</subfield>
  </datafield>
 </record>
</collection>
